000 00634cam a22002053a 4500
001 41389
003 PGUSA
005 20140828083930.0
008 121117s2012||||xxu|||||s|||||000 | eng d
040 _aPGUSA
_beng
042 _adc
100 1 _aAlmeida, António de,
_d1821-
245 1 0 _aMemoria sobre o melhoramento da cultura da Beira e da navegação do Mondego
_h[electronic resource] /
_cAntónio de Almeida
260 _bProject Gutenberg,
_c2012
506 _aPublic domain in the USA.
516 _aElectronic text
830 0 _aProject Gutenberg
_v41389
856 4 0 _uhttp://www.gutenberg.org/ebooks/41389
942 _cEB
999 _c270641
_d270641